| 000 | 00444nam a2200169 i 4500 | ||
|---|---|---|---|
| 001 | 44728 | ||
| 003 | ES-MaACL | ||
| 005 | 20260617125143.0 | ||
| 007 | t| | ||
| 008 | 030324s1917 fr ||||1| fre d | ||
| 100 |
_aClaudel, Paul, _d1868-1955 _9239252 |
||
| 245 | 1 | 0 |
_aConnaissance de l'Est / _cPaul Claudel. |
| 260 |
_aParis : _bMercure de France, _c1917. |
||
| 300 |
_a261 p. ; _c19 cm. |
||
| 852 |
_aES-MaACL _jG-8804 |
||
| 999 |
_c44728 _d44728 |
||